000 00671nam a2200205Ii 4500
003 JO-AjNU
008 230605s9999||||xx |||||||||||||| ||und||
017 _a2011/10/3884
040 _aJO-AjNU
_bara
_erda
_cJO-AjNU
041 _aara
050 1 4 _aPJ7571 2011
100 3 _aتاليف ابو أكبر، فتحي فايز أبو دخينة الخريشة,
_eauthor
_950391
245 0 0 _aكوامل النوراني الأسمى
264 3 1 _aعمان: المؤلف، 2011
300 _a87ص
336 _atext
_btxt
_2rdacontent
337 _aunmediated
_bn
_2rdamedia
338 _avolume
_bnc
_2rdacarrier
650 4 _aروايات - الادب العربي
_950392
999 _aA22195
_c25763
_d25763